000 00780nam a2200253Ia 4500
003 OSt
005 20220925235501.0
006 a|||||r|||| 00| 0
007 ta
008 220923b |||||||| |||| 00| 0 eng d
020 _a817100816X
037 _cGeneral Book
040 _aRTL
_cRTL
_beng
041 _2eng
_aeng
082 _aX9(J):77.2.N9, N6
100 _aGowda M V Srinivasa Ed.
_9301341
245 0 _aStudies in agricultural development
260 _a New Delhi
_bDeep & Deep India
_c1996
300 _axv, 276p. Bib chapterwise.
_ccm.
650 _aAgriculture Industries-prices
700 _a Subrahmanya S Ed.
_9301342
942 _hX9(J):77.2.N9, N6
_cGB
_2CC
999 _c597373
_d597373